Pokrokový roľník okresné roľnícke noviny

Bibliographic Details
New Title:Považský Bystričan
Previous Title:Vpred za socialistickú dedinu
Format: Journal
Language:Slovak
PhysicalDescription:3 zv. 43 cm
Published: Považská Bystrica ONV v Považskej Bystrici 1956-1959
Subjects:

MARC

LEADER 00000cas a22000004a 4500
001 vtls010301946
003 SK-MaSNL
005 20260228162606.0
008 110810d19561959xo wr p 0 b0slo
040 |a SNK  |b slo  |c SNK  |e AACR2 
041 0 |a slo 
043 |a e-xo--- 
044 |a xo  |c SK 
072 7 |a 316  |x Sociológia  |2 konspekt 
080 |a 316.728  |2 2011 
080 |a (437.613)  |2 2011 
080 |a (051)+(054)(437.6)  |2 2011 
245 0 0 |a Pokrokový roľník  |b okresné roľnícke noviny 
260 |a Považská Bystrica  |b ONV v Považskej Bystrici  |c 1956-1959 
300 |a 3 zv.  |c 43 cm 
310 |a 1x týždenne 
362 0 |a Roč. VI, č. 11 (6. apríl 1956)-roč. VIII, č. 30 (8. sept. 1959) 
500 |a Zodp. red.: Emil Ondráš ; od 8/1957, Jozef Pleško ; v r. 1959, Štefan Homer s red. krúžkom 
580 |a Predtým do 10/1956, vych. pod názvom Vpred za socialistickú dedinu. Od 31/1959 vychádzal pod názvom Považský Bystričan 
650 0 7 |a spoločenský život  |2 SNKPH  |9 28654 
651 7 |a Považská Bystrica (Slovensko : okres)  |2 SNKPHgeo  |9 51831 
655 7 |a regionálne periodiká  |2 SNKPH  |9 131775 
700 1 |a Ondráš, Emil  |4 lso  |9 271516 
700 1 |a Pleško, Jozef  |4 lso  |9 271517 
700 1 |a Homer, Štefan  |4 lso  |9 271518 
780 0 0 |t Vpred za socialistickú dedinu 
785 0 0 |t Považský Bystričan  |w vtls010301974 
910 |a snk 
999 |c 8097  |d 10027 
952 |0 0  |1 0  |4 0  |7 0  |a SNK  |b SNK  |d 2014-01-24  |i snkČSP 500/60  |l 0  |o snkČSA 527/8/1958 D1  |p 17A1024180  |r 2026-02-21 19:44:32  |t č. 1-35  |w 2026-02-21  |y PREZ 
952 |0 0  |1 0  |4 0  |7 0  |a SNK  |b SNK  |d 2012-08-31  |i snkČSP 482/58  |l 0  |o snkČSA 527/8/1957 D1  |p 17A1019964  |r 2026-02-21 20:23:44  |w 2026-02-21  |y PREZ 
952 |0 0  |1 0  |4 0  |7 0  |a SNK  |b SNK  |d 2002-09-27  |l 0  |o snkČSA 527/7/1957  |p 17A0358257  |r 2005-01-02 00:00:00  |t č. 1-18  |w 2026-02-21  |y PREZ